Normal view MARC view

Entry Personal Name

Number of records used in: 1

001 - CONTROL NUMBER

  • control field: 9370

003 - CONTROL NUMBER IDENTIFIER

  • control field: DLC

005 - DATE AND TIME OF LATEST TRANSACTION

  • control field: 20230826145210.0

008 - FIXED-LENGTH DATA ELEMENTS

  • fixed length control field: 980921n| azannaabn |n aaa c

010 ## - LIBRARY OF CONGRESS CONTROL NUMBER

  • LC control number: no 98109595

035 ## - SYSTEM CONTROL NUMBER

  • System control number: (OCoLC)oca04819541

040 ## - CATALOGING SOURCE

  • Original cataloging agency: NmU
  • Language of cataloging: eng
  • Description conventions: rda
  • Transcribing agency: NmU
  • Modifying agency: DLC
  • Modifying agency: CSt

046 ## - SPECIAL CODED DATES

  • Birth date: 1962-04-22
  • Source of date scheme: edtf

100 1# - HEADING--PERSONAL NAME

  • Personal name: Berk, Jonathan B.,
  • Dates associated with a name: 1962-

377 ## - ASSOCIATED LANGUAGE

  • Language code: eng

670 ## - SOURCE DATA FOUND

  • Source citation: Optimal investment, growth options, and security returns, c1998:
  • Information found: t.p. (Jonathan Berk) abstract (Sch. of Bus. Admin., Univ. of Wash., Seattle, WA, and NBER)

670 ## - SOURCE DATA FOUND

  • Source citation: OCLC database, 9/14/98
  • Information found: (usages: Jonathan Berk, Jonathan B. Berk)

670 ## - SOURCE DATA FOUND

  • Source citation: Email response from J. Berk, 9/21/98
  • Information found: (Jonathan B.; b. 4/22/62)

Powered by Koha